[Event "World Blitz Championship"]
[Site "St Petersburg RUS"]
[Date "2018.12.29"]
[EventDate "?"]
[Round "10"]
[Result "1/2-1/2"]
[White "Wang Hao"]
[Black "Levon Aronian"]
[WhiteElo "2775"]
[BlackElo "2858"]
[PlyCount "59"]

1. e4 e5 2. Nf3 Nc6 3. Bb5 Nf6 4. O-O Nxe4 5. Re1 Nd6 6. Nxe5
Be7 7. Bf1 Nxe5 8. Rxe5 O-O 9. Nc3 Ne8 10. Nd5 Bd6 11. Re1 c6
12. Ne3 Be7 13. Nf5 Bf6 14. Qe2 d5 15. Ne7+ Bxe7 16. Qxe7 Qxe7
17. Rxe7 Nd6 18. Re1 Nf5 19. c3 Bd7 20. d4 Rfe8 21. Bf4 f6
22. f3 g5 23. Bd2 h5 24. Kf2 Kf7 25. b3 Rxe1 26. Rxe1 Re8
27. Rc1 h4 28. Bd3 Ng7 29. a4 a6 30. Bf1 1/2-1/2

[Event "World Blitz Championship"]
[Site "St Petersburg RUS"]
[Date "2018.12.29"]
[EventDate "?"]
[Round "11"]
[Result "1/2-1/2"]
[White "Ian Nepomniachtchi"]
[Black "Wang Hao"]
[WhiteElo "2846"]
[BlackElo "2775"]
[PlyCount "115"]

1. e4 e5 2. Nf3 Nc6 3. d4 exd4 4. Nxd4 Bc5 5. Nxc6 Qf6 6. Qf3
dxc6 7. Nc3 Be6 8. a3 O-O-O 9. Be3 Bxe3 10. Qxe3 Kb8 11. f4
Nh6 12. Bd3 Qe7 13. O-O-O f6 14. Rhe1 Nf7 15. h3 b6 16. e5
fxe5 17. fxe5 Qg5 18. Qxg5 Nxg5 19. Ne2 Bc8 20. Nf4 Ne6
21. Nh5 b5 22. Be4 Rxd1+ 23. Rxd1 Kb7 24. Rf1 Kb6 25. h4 g5
26. Rf6 gxh4 27. Ng7 Nxg7 28. Rxc6+ Kb7 29. Rg6+ Kb8 30. Rxg7
Re8 31. Rxh7 Rxe5 32. Rxh4 c5 33. Kd2 a5 34. Rf4 Kc7 35. g4 b4
36. Bf5 Rd5+ 37. Ke3 bxa3 38. bxa3 Ba6 39. g5 Re5+ 40. Kf3
Bb7+ 41. Kf2 Bd5 42. g6 Kd6 43. Bd3 Rg5 44. Rf6+ Ke5 45. Ra6
c4 46. Bxc4 Bxc4 47. Rxa5+ Kf6 48. Rxg5 Kxg5 49. g7 Kf6
50. Ke3 Kxg7 51. Kd4 Bf1 52. Kc5 Kf6 53. Kd6 Kf7 54. a4 Ke8
55. Kc7 Ke7 56. a5 Ke6 57. Kc6 Bg2+ 58. Kc7 1/2-1/2

[Event "World Blitz Championship"]
[Site "St Petersburg RUS"]
[Date "2018.12.30"]
[EventDate "2018.12.29"]
[Round "13.5"]
[Result "1/2-1/2"]
[White "Shakhriyar Mamedyarov"]
[Black "Hao Wang"]
[WhiteElo "2817"]
[BlackElo "2730"]
[PlyCount "160"]

1. d4 Nf6 2. Nf3 d5 3. e3 e6 4. Nbd2 b6 5. b3 Bb7 6. Bb2 Nbd7 7. Bd3 Be7 8. O-O
O-O 9. c4 c5 10. cxd5 Nxd5 11. Rc1 Rc8 12. Nc4 N5f6 13. Qe2 cxd4 14. Bxd4 Nc5
15. Bb1 Qd5 16. Rfd1 Qh5 17. Bxf6 Bxf6 18. Nd6 Bxf3 19. Qxf3 Qxf3 20. gxf3 Rcd8
21. f4 Bb2 22. Rc2 Nb7 23. Rxb2 Rxd6 24. Rc1 Rd7 25. b4 Rfd8 26. Kg2 g6 27. Be4
Nd6 28. Bc6 Rc7 29. Rbc2 Kf8 30. a4 Rdc8 31. b5 Ke7 32. Kf3 Nb7 33. h4 h5 34. e4
Nc5 35. Rc4 Nb3 36. R1c2 Na5 37. R4c3 a6 38. f5 axb5 39. axb5 Nxc6 40. bxc6 gxf5
41. exf5 exf5 42. Kf4 Kf6 43. f3 Ra8 44. Rb2 Ra4+ 45. Kg3 Ra6 46. Rb5 Ke6 47.
Rc4 Kf6 48. Kf4 Ra5 49. Rxa5 bxa5 50. Rc5 Ke6 51. Re5+ Kd6 52. Rxa5 Rxc6 53.
Rxf5 Ke7 54. Kg5 Rg6+ 55. Kxh5 Kf8 56. Rg5 Ra6 57. Kg4 Ra1 58. Kh5 Rf1 59. Rg3
Ra1 60. Kh6 Ra4 61. Rg4 Ra3 62. f4 Ra4 63. h5 Ra5 64. Rg5 Ra4 65. Rf5 Kg8 66.
Rg5+ Kf8 67. Rg4 Ra5 68. Rg1 Ra4 69. Kg5 Kg7 70. h6+ Kh7 71. Re1 Ra6 72. Re7
Rg6+ 73. Kf5 Rxh6 74. Rxf7+ Kg8 75. Ra7 Rb6 76. Kg5 Rc6 77. f5 Rb6 78. f6 Rb1
79. f7+ Kf8 80. Ra8+ Kxf7 1/2-1/2

[Event "World Blitz Championship"]
[Site "St Petersburg RUS"]
[Date "2018.12.30"]
[EventDate "2018.12.29"]
[Round "15.10"]
[Result "1-0"]
[White "Marin Bosiocic"]
[Black "Hao Wang"]
[WhiteElo "2599"]
[BlackElo "2730"]
[PlyCount "84"]

1. e4 e5 2. Nf3 Nc6 3. Bb5 Nf6 4. d3 Bc5 5. c3 O-O 6. O-O d6 7. Nbd2 a6 8. Ba4
Ba7 9. h3 Ne7 10. d4 Ng6 11. Bc2 c5 12. dxe5 dxe5 13. Nc4 Qc7 14. Bg5 Be6 15.
Ne3 Qd8 16. Qe1 h6 17. Rd1 Qe7 18. Nf5 Bxf5 19. exf5 Nh8 20. Bxf6 gxf6 21. Qe3
Kh7 22. Nd2 c4 23. Qf3 b5 24. Ne4 Rad8 25. Qh5 Bb6 26. Qh4 Kg7 27. Kh1 Rxd1 28.
Bxd1 Rd8 29. Be2 Rd7 30. a4 Rd8 31. axb5 axb5 32. Ra1 Rb8 33. Ra6 Qd8 34. Kh2
Qe7 35. Bf3 Qd8 36. Ra1 Qe7 37. Ra6 Qd8 38. Ng3 Kf8 39. Qxh6+ Ke7 40. Ne4 Kd7
41. Nxf6+ Kc8 42. Nd5 1-0

[Event "World Blitz Championship"]
[Site "St Petersburg RUS"]
[Date "2018.12.30"]
[EventDate "2018.12.29"]
[Round "16.18"]
[Result "1-0"]
[White "Gata Kamsky"]
[Black "Hao Wang"]
[WhiteElo "2666"]
[BlackElo "2730"]
[PlyCount "194"]

1. d4 Nf6 2. Nf3 d5 3. Bf4 c5 4. e3 Nc6 5. Nbd2 cxd4 6. exd4 Qb6 7. Nb3 Bf5 8.
c3 e6 9. h3 h6 10. Be2 Be7 11. O-O O-O 12. Ne5 Nxe5 13. Bxe5 Rfc8 14. a4 a6 15.
a5 Qd8 16. Nd2 Nd7 17. Bg3 Bg6 18. Re1 Nf6 19. Qb3 Qd7 20. Nf3 Bd6 21. Bxd6 Qxd6
22. Ne5 Rc7 23. Nxg6 fxg6 24. Qc2 g5 25. Bg4 Nxg4 26. hxg4 Rf8 27. Re5 Rf6 28.
Rae1 Rc6 29. Qe2 Qc7 30. Ra1 Kf7 31. Qd1 Kg8 32. Qb3 Qf7 33. f3 Rf4 34. Rae1 Rf6
35. Ra1 Qc7 36. Ra4 Rf7 37. Ra1 Rf6 38. Ra4 Rd6 39. Ra1 Qc6 40. Qb4 Qc7 41. Qb3
Rc6 42. Ra4 Rf7 43. Ra1 Qe7 44. Rae1 Qf6 45. Qc2 Rf8 46. Qe2 Kf7 47. Qd3 Rd6 48.
Qd1 Rfd8 49. Qd2 R8d7 50. R1e2 Rc6 51. Qd3 Re7 52. Re1 Rd6 53. Qd2 Qg6 54. Ra1
Kg8 55. Rae1 Rf7 56. Qe2 Rf6 57. Qd2 Qe8 58. Ra1 Qb5 59. Kf2 Rc6 60. Qe2 Qxe2+
61. Kxe2 Kf7 62. Kd3 Ke7 63. b3 Rf8 64. c4 dxc4+ 65. bxc4 Rfc8 66. c5 Kf6 67.
Rb1 R8c7 68. Rbe1 Rd7 69. Kc4 g6 70. d5 exd5+ 71. Rxd5 Rdc7 72. Kd4 Kf7 73. Ree5
Rf6 74. Re4 Rfc6 75. Ree5 Rf6 76. Re4 Rfc6 77. Kc4 Rf6 78. Red4 Ke7 79. Rd6 Rxd6
80. Rxd6 Kf7 81. Kd5 Re7 82. c6 h5 83. Rd8 bxc6+ 84. Kxc6 hxg4 85. fxg4 Re2 86.
Kb6 Rxg2 87. Rd4 Ke6 88. Kxa6 Rb2 89. Ka7 Ke5 90. Ra4 Rb1 91. a6 Rb2 92. Ka8 Rb1
93. a7 Rb2 94. Rc4 Rb1 95. Rc7 Kf4 96. Rb7 Ra1 97. Rb4+ 1-0

[Event "World Blitz Championship"]
[Site "St Petersburg RUS"]
[Date "2018.12.30"]
[EventDate "2018.12.29"]
[Round "17.25"]
[Result "1/2-1/2"]
[White "Hao Wang"]
[Black "Aryan Tari"]
[WhiteElo "2730"]
[BlackElo "2620"]
[PlyCount "224"]

1. e4 e5 2. Nf3 Nc6 3. Bc4 Nf6 4. Ng5 d5 5. exd5 Na5 6. Bb5+ c6 7. dxc6 bxc6 8.
Bd3 Nd5 9. Nf3 Bd6 10. O-O Nf4 11. Nc3 Nxd3 12. cxd3 O-O 13. Ne4 Ba6 14. Re1 Bc7
15. b4 Nb7 16. Bb2 Qd5 17. d4 exd4 18. Bxd4 Bb6 19. Nc3 Qd6 20. Bxb6 axb6 21.
Qb3 Bd3 22. Re3 c5 23. Ne5 Bf5 24. Nc4 Qd4 25. Rae1 cxb4 26. Nb5 Qd8 27. Qxb4
Rxa2 28. Nc3 Ra8 29. Nxb6 Rb8 30. Nbd5 Nd6 31. Qf4 Kh8 32. Ne7 Qd7 33. h4 Be6
34. Ned5 Nf5 35. Re5 Rbd8 36. h5 h6 37. Nb4 Qxd2 38. Qxd2 Rxd2 39. Ne4 Rb2 40.
Nd3 Rb6 41. Nf4 Nd4 42. Nc5 Rc8 43. R1e4 Nc6 44. Rxe6 fxe6 45. Rxe6 Rb1+ 46. Kh2
Nd4 47. Re5 Rb5 48. Ng6+ Kh7 49. Nd7 Rxe5 50. Ndxe5 Nc6 51. Nd3 Re8 52. Ndf4 Ne7
53. Ne5 Nd5 54. Nfg6 Ne7 55. Nf4 Rf8 56. Ned3 g5 57. hxg6+ Nxg6 58. Kg3 Nxf4 59.
Nxf4 Ra8 60. Kg4 Kg7 61. f3 Ra5 62. g3 Kf6 63. Nh5+ Kg6 64. Nf4+ Kf7 65. Kh4 Rf5
66. Kh3 Kf6 67. Kg4 Rg5+ 68. Kh3 Ra5 69. Ng2 Kg5 70. Nh4 h5 71. Kg2 Ra2+ 72. Kg1
Rb2 73. Ng2 Kf5 74. Nh4+ Ke5 75. Ng6+ Kd4 76. Nf4 Ke3 77. Nxh5 Kxf3 78. Nf6 Kxg3
79. Ne4+ Kf4 80. Nf2 Kf3 81. Nd3 Rd2 82. Ne1+ Kg3 83. Kf1 Rf2+ 84. Kg1 Rf5 85.
Ng2 Ra5 86. Ne1 Ra2 87. Kf1 Rd2 88. Kg1 Rf2 89. Nd3 Re2 90. Kf1 Re4 91. Ne1 Re6
92. Nd3 Kf3 93. Ne1+ Ke3 94. Ng2+ Kd2 95. Kf2 Rf6+ 96. Kg3 Ke2 97. Nf4+ Kd2 98.
Kf3 Rf8 99. Ke4 Kc3 100. Nd5+ Kc4 101. Ne3+ Kc5 102. Kd3 Rf3 103. Ke4 Rh3 104.
Kf4 Kd4 105. Nf5+ Kd5 106. Ne3+ Ke6 107. Ke4 Rh4+ 108. Kd3 Ke5 109. Nc4+ Kd5
110. Ne3+ Kc5 111. Ke2 Kd4 112. Nf5+ Ke5 1/2-1/2

[Event "World Blitz Championship"]
[Site "St Petersburg RUS"]
[Date "2018.12.30"]
[EventDate "2018.12.29"]
[Round "18.26"]
[Result "1-0"]
[White "Robert Hovhannisyan"]
[Black "Hao Wang"]
[WhiteElo "2637"]
[BlackElo "2730"]
[PlyCount "66"]

1. e4 c5 2. Nf3 d6 3. d4 cxd4 4. Nxd4 Nf6 5. Nc3 a6 6. Be2 e6 7. f4 Be7 8. Be3
Qc7 9. g4 b5 10. g5 Nfd7 11. a3 Bb7 12. Qd2 Nc6 13. h4 Nxd4 14. Bxd4 e5 15. Be3
exf4 16. Bxf4 Ne5 17. O-O-O Rc8 18. Kb1 O-O 19. h5 Rfe8 20. g6 Bf6 21. Nd5 Bxd5
22. exd5 fxg6 23. Bxe5 Rxe5 24. hxg6 hxg6 25. Bg4 Rce8 26. Be6+ Kf8 27. Qd3 g5
28. Qg6 Ke7 29. Rdf1 Kd8 30. Rxf6 gxf6 31. Rh7 R8xe6 32. Rxc7 Re7 33. Rc6 1-0

[Event "World Blitz Championship"]
[Site "St Petersburg RUS"]
[Date "2018.12.30"]
[EventDate "2018.12.29"]
[Round "19.36"]
[Result "1/2-1/2"]
[White "Hao Wang"]
[Black "Ivan Saric"]
[WhiteElo "2730"]
[BlackElo "2695"]
[PlyCount "108"]

1. e4 g6 2. Nc3 Bg7 3. h4 Nf6 4. d4 d6 5. Bf4 Nc6 6. d5 e5 7. Be3 Nd4 8. Nge2 c5
9. dxc6 bxc6 10. Nxd4 exd4 11. Bxd4 O-O 12. Be2 Rb8 13. Rb1 c5 14. Be3 Bb7 15.
Bf3 Re8 16. Qd3 Qa5 17. O-O Ba6 18. Qxd6 Bxf1 19. Kxf1 Red8 20. Qxc5 Qxc5 21.
Bxc5 Nd7 22. Be7 Re8 23. Nd5 Rxb2 24. Rxb2 Bxb2 25. Be2 Kg7 26. Bb5 Rc8 27. Bxd7
Rxc2 28. Ba4 Rc4 29. Bb3 Rxe4 30. Bc5 a5 31. Be3 Rxh4 32. Ke2 h5 33. a4 Rh1 34.
Bd2 Rg1 35. g3 Be5 36. Bxa5 g5 37. Bd8 f6 38. Ne3 Kf8 39. Nf5 Rb1 40. Be7+ Ke8
41. Bc4 Kd7 42. Bc5 Rc1 43. Ne3 h4 44. gxh4 gxh4 45. Bb5+ Kc8 46. Ba6+ Kb8 47.
Be7 h3 48. Ng4 Rg1 49. Nxe5 fxe5 50. Bd6+ Ka7 51. Bc4 h2 52. Bd5 h1=Q 53. Bxh1
Rxh1 54. Bxe5 Kb6 1/2-1/2

[Event "World Blitz Championship"]
[Site "St Petersburg RUS"]
[Date "2018.12.30"]
[EventDate "2018.12.29"]
[Round "20.35"]
[Result "1-0"]
[White "Hao Wang"]
[Black "Mustafa Yilmaz"]
[WhiteElo "2730"]
[BlackElo "2636"]
[PlyCount "134"]

1. e4 c5 2. Nf3 d6 3. d4 cxd4 4. Nxd4 Nf6 5. Nc3 a6 6. h3 e6 7. g4 Be7 8. g5
Nfd7 9. Be3 b5 10. a3 Bb7 11. h4 Nc6 12. Rg1 Nc5 13. f3 O-O 14. h5 d5 15. exd5
exd5 16. Nxc6 Bxc6 17. Qd2 Ne6 18. Ne2 d4 19. Nxd4 Nxd4 20. Qxd4 Qxd4 21. Bxd4
Bxf3 22. Be2 Rae8 23. Kf2 Bxe2 24. Kxe2 Bxg5+ 25. Kf3 h6 26. Bc5 Be7 27. Bd4 Bg5
28. Bc5 Be7 29. Bd4 f6 30. Rg4 Kf7 31. Rag1 Rg8 32. c3 Rd8 33. Ke4 Rd6 34. b4
Rc6 35. Kd3 Rd6 36. Ke4 Re6+ 37. Kd3 Bd6 38. a4 Be5 39. axb5 axb5 40. Ra1 Re7
41. Ra5 Rb8 42. Bxe5 fxe5 43. Ke4 Rc8 44. Kd3 Rd7+ 45. Kc2 Rdc7 46. Rg3 Rb8 47.
Ra6 Kf8 48. Re6 Re8 49. Rb6 e4 50. Rxb5 e3 51. Rf5+ Kg8 52. Rf1 Re4 53. Kb3 e2
54. Re1 Re5 55. c4 Re4 56. Rc3 Rd7 57. Rc2 Rd3+ 58. Ka4 Rde3 59. c5 Kf7 60. c6
Re8 61. c7 Rc8 62. b5 Ra8+ 63. Kb4 Re4+ 64. Kc5 Ke7 65. Rexe2 Rxe2 66. Rxe2+ Kd7
67. Kb6 1-0

[Event "World Blitz Championship"]
[Site "St Petersburg RUS"]
[Date "2018.12.30"]
[EventDate "2018.12.29"]
[Round "21.27"]
[Result "1-0"]
[White "Evgeny Tomashevsky"]
[Black "Hao Wang"]
[WhiteElo "2705"]
[BlackElo "2730"]
[PlyCount "80"]

1. d4 Nf6 2. Nf3 d5 3. c4 e6 4. e3 b6 5. Nc3 Bd6 6. cxd5 exd5 7. Bb5+ c6 8. Bd3
O-O 9. O-O Re8 10. b3 Bg4 11. Bb2 Nbd7 12. Rc1 a5 13. Ne2 Rc8 14. Ng3 Qc7 15.
Qc2 Qb8 16. Bf5 g6 17. Bxg4 Nxg4 18. Rfe1 Ngf6 19. Nf1 Ne4 20. N3d2 f5 21. Qd3
Ndf6 22. Rc2 Ng4 23. Nf3 Re6 24. h3 Ngxf2 25. Rxf2 Nxf2 26. Kxf2 Rce8 27. Ne5
Rxe5 28. dxe5 Bxe5 29. Bxe5 Qxe5 30. Qd4 Qc7 31. Nd2 Re6 32. Nf3 Qd8 33. Rc1 c5
34. Qd3 Qd7 35. Rd1 Rd6 36. Qc3 Qe7 37. a4 Qe4 38. Qe5 Rd8 39. Rd2 h6 40. Qf6 1-0

[Event "PRO League Group Stage"]
[Site "chess.com INT"]
[Date "2019.01.23"]
[EventDate "2019.01.08"]
[Round "3"]
[Result "0-1"]
[White "Jason Yu"]
[Black "Hao Wang"]
[WhiteElo "2081"]
[BlackElo "2714"]
[PlyCount "56"]

1. e4 c5 2. Nf3 d6 3. d4 cxd4 4. Nxd4 Nf6 5. Nc3 a6 6. Be2 e6 7. O-O Be7 8. a4
Qc7 9. f4 O-O 10. Be3 b6 11. Qe1 Bb7 12. Bd3 Nbd7 13. f5 e5 14. Nde2 d5 15. exd5
Ng4 16. d6 Bxd6 17. Bf2 Bc5 18. Ng3 e4 19. Bxe4 Rae8 20. Bxc5 Nxc5 21. Qd1 Ne3
22. Qf3 Nxf1 23. Rxf1 Nxe4 24. Ngxe4 Bxe4 25. Nxe4 Qxc2 26. Ng5 h6 27. Nh3 Qxb2
28. f6 Qxf6 0-1

[Event "PRO League Group Stage"]
[Site "chess.com INT"]
[Date "2019.01.23"]
[EventDate "2019.01.08"]
[Round "3"]
[Result "1-0"]
[White "Hao Wang"]
[Black "Bryce Tiglon"]
[WhiteElo "2714"]
[BlackElo "2390"]
[PlyCount "122"]

1. e4 c5 2. Nf3 d6 3. d4 cxd4 4. Nxd4 Nf6 5. Nc3 a6 6. h3 e5 7. Nde2 b5 8. Ng3
Qc7 9. Bg5 Nbd7 10. Bd3 h6 11. Bd2 Nc5 12. O-O Be7 13. Nh5 Nxh5 14. Nd5 Qd8 15.
Qxh5 Nxd3 16. cxd3 Be6 17. Rac1 Bxd5 18. exd5 O-O 19. Rc6 Qd7 20. Rfc1 Rfc8 21.
Qg4 Qxg4 22. hxg4 Rcb8 23. Ba5 Kf8 24. Kf1 Ke8 25. a3 Kd7 26. Rc7+ Ke8 27. R7c6
Kd7 28. Ke2 Bd8 29. Bc7 Bxc7 30. Rxc7+ Ke8 31. g5 Rd8 32. g6 Rd7 33. Rxd7 Kxd7
34. gxf7 Rf8 35. Rc6 Rxf7 36. Rxa6 Rf4 37. Ra7+ Kd8 38. Rxg7 b4 39. a4 b3 40.
Ra7 Rd4 41. Ra5 Kc7 42. f3 h5 43. Kd2 h4 44. Kc3 Rf4 45. Kxb3 h3 46. gxh3 Rxf3
47. Kc4 Rxh3 48. b4 Kb6 49. Ra8 Rh4+ 50. Kc3 Rd4 51. Rb8+ Kc7 52. Rb5 Rh4 53. a5
Rh1 54. a6 Ra1 55. Rb7+ Kc8 56. b5 Ra3+ 57. Kc4 Ra4+ 58. Kc3 Ra3+ 59. Kb4 Rxd3
60. Re7 Kb8 61. b6 1-0

[Event "PRO League Group Stage"]
[Site "chess.com INT"]
[Date "2019.01.23"]
[EventDate "2019.01.08"]
[Round "3"]
[Result "1/2-1/2"]
[White "Gabriel Sargissian"]
[Black "Hao Wang"]
[WhiteElo "2689"]
[BlackElo "2714"]
[PlyCount "66"]

1. d4 Nf6 2. Nf3 d5 3. c4 e6 4. g3 Be7 5. Bg2 O-O 6. O-O dxc4 7. Qc2 a6 8. a4
Bd7 9. Qxc4 Bc6 10. Bg5 Nbd7 11. Nc3 h6 12. Bxf6 Nxf6 13. b4 Qd6 14. b5 axb5 15.
axb5 Bd5 16. Nxd5 Nxd5 17. e3 Qb4 18. Qxb4 Bxb4 19. Ne5 Bd6 20. Nc4 Bb4 21. Rfc1
Rfd8 22. Bf3 Kf8 23. Kg2 Ke8 24. Ne5 Bd6 25. Nd3 Rxa1 26. Rxa1 Rb8 27. Bxd5 exd5
28. Ra7 Kd7 29. h4 h5 30. Kf3 g6 31. Ke2 f6 32. f4 b6 33. Kf3 Ke6 1/2-1/2

[Event "IMSA World Masters Rapid"]
[Site "Hengshui CHN"]
[Date "2019.05.14"]
[EventDate "2019.05.14"]
[Round "1.1"]
[Result "1/2-1/2"]
[White "Hao Wang"]
[Black "Vladimir3 Fedoseev"]
[WhiteElo "2735"]
[BlackElo "2683"]
[PlyCount "152"]

1. c4 e6 2. Nf3 Nf6 3. g3 d5 4. d4 Be7 5. Bg2 O-O 6. O-O c6 7. Qc2 b6 8. cxd5
cxd5 9. Bf4 Bb7 10. Rc1 Nc6 11. Nc3 Rc8 12. Qd1 Ne4 13. h4 Bd6 14. Bxd6 Nxd6 15.
e3 Rc7 16. Bf1 Qc8 17. a4 Qb8 18. Nb5 Rcc8 19. Bd3 h6 20. Kg2 Ne4 21. Bxe4 dxe4
22. Ne5 Nxe5 23. dxe5 Qxe5 24. Qd7 Rb8 25. Rc7 Rbd8 26. Qe7 Qxb2 27. Rf1 Ba6 28.
Rxa7 Bxb5 29. axb5 Qxb5 30. Qb7 Qb4 31. Rc1 Qb2 32. Rf1 Rd5 33. Raa1 b5 34. Rad1
Rfd8 35. Rxd5 Rxd5 36. Qb8+ Kh7 37. Qf4 f5 38. Qc7 Qe5 39. Qe7 Qd6 40. Qe8 Qd7
41. Qb8 Rc5 42. Ra1 Rc8 43. Qe5 Rc2 44. Rb1 Qd2 45. Qf4 Rb2 46. Rf1 Rc2 47. g4
Rc5 48. g5 Qe2 49. Ra1 hxg5 50. Qxg5 Qf3+ 51. Kg1 b4 52. Rb1 b3 53. h5 Qg4+ 54.
Qxg4 fxg4 55. Rxb3 Rxh5 56. Rb4 Re5 57. Kg2 Kg6 58. Kg3 Kg5 59. Rb7 g6 60. Rb4
Kf5 61. Rb8 Kg5 62. Rb4 Kf5 63. Rb8 g5 64. Rf8+ Kg6 65. Kxg4 Kg7 66. Ra8 Rf5 67.
Kg3 Kf6 68. Rg8 Ra5 69. Kg2 Kf5 70. Rf8+ Kg6 71. Rb8 Ra1 72. Rb5 Kf6 73. Rb4 Kf5
74. Rb5+ Kf6 75. Rb4 Kf5 76. Rb5+ 1/2-1/2

[Event "IMSA World Masters Rapid"]
[Site "Hengshui CHN"]
[Date "2019.05.14"]
[EventDate "2019.05.14"]
[Round "2.3"]
[Result "1/2-1/2"]
[White "Peter Leko"]
[Black "Hao Wang"]
[WhiteElo "2674"]
[BlackElo "2735"]
[PlyCount "88"]

1. e4 e5 2. Nf3 Nc6 3. Bb5 Nf6 4. d3 Bc5 5. Bxc6 dxc6 6. O-O Bd6 7. Nbd2 Be6 8.
d4 Nd7 9. dxe5 Nxe5 10. Nxe5 Bxe5 11. f4 Qd4+ 12. Kh1 Bd6 13. Qe2 O-O-O 14. c3
Qc5 15. f5 Bd7 16. Nc4 Rhe8 17. b4 Qb5 18. a4 Qa6 19. Bg5 f6 20. Rfb1 fxg5 21.
b5 cxb5 22. axb5 Bxb5 23. Rxa6 Bxa6 24. Nxd6+ Rxd6 25. Qg4 Rd7 26. Re1 Re5 27.
Qxg5 Rxe4 28. Qc1 Bd3 29. g4 Be2 30. h3 a5 31. Kg2 a4 32. Kf2 Rde7 33. Qd2 Bc4
34. Rxe4 Rxe4 35. Qc1 b5 36. Qa3 Kb7 37. Kg3 Re3+ 38. Kh4 Bf1 39. Kg5 Rxh3 40.
Qe7 Bc4 41. Qe4+ Kb8 42. Qe8+ Kb7 43. Qe4+ Kb8 44. Qe8+ 1/2-1/2

[Event "IMSA World Masters Rapid"]
[Site "Hengshui CHN"]
[Date "2019.05.14"]
[EventDate "2019.05.14"]
[Round "3.3"]
[Result "0-1"]
[White "Hao Wang"]
[Black "Ivan Cheparinov"]
[WhiteElo "2735"]
[BlackElo "2667"]
[PlyCount "118"]

1. e4 e5 2. Nf3 Nc6 3. Bb5 Nf6 4. d3 Bc5 5. c3 O-O 6. O-O d6 7. Nbd2 Ne7 8. d4
exd4 9. cxd4 Bb6 10. Re1 Bg4 11. h3 Bh5 12. Qb3 d5 13. e5 Nd7 14. a4 a5 15. Qe3
Re8 16. Nb3 Nc6 17. Bxc6 bxc6 18. Bd2 f6 19. e6 Re7 20. Nxa5 Rxa5 21. Bb4 c5 22.
dxc5 Bxc5 23. Bxc5 Nxc5 24. Nd4 Ra6 25. Rac1 Nxe6 26. Nc6 Rxc6 27. Rxc6 Bf7 28.
Qa3 Re8 29. b4 d4 30. b5 Qd5 31. Qf3 Qxf3 32. gxf3 d3 33. Kf1 Rd8 34. Rd1 h5 35.
Rc3 Rd4 36. Ra3 Nc5 37. a5 Bc4 38. a6 d2+ 39. Kg2 Bxb5 40. a7 Bc6 41. a8=Q+ Bxa8
42. Rxa8+ Kf7 43. Ra7 Rd7 44. Kf1 Nb3 45. Rb7 Na5 46. Rb5 Nc4 47. Rb4 Rd4 48.
Ke2 Ke6 49. Ra1 Kd7 50. Rb5 Ne5 51. Rd1 Kc6 52. Ra5 Kb6 53. Ra8 Nc4 54. Rg8 Rd7
55. Rh8 Re7+ 56. Kf1 Kc5 57. Rd8 Kb4 58. Rd3 Nb2 59. Rb1 Re1+ 0-1

[Event "IMSA World Masters Rapid"]
[Site "Hengshui CHN"]
[Date "2019.05.14"]
[EventDate "2019.05.14"]
[Round "4.7"]
[Result "1-0"]
[White "Xiangzhi Bu"]
[Black "Hao Wang"]
[WhiteElo "2729"]
[BlackElo "2735"]
[PlyCount "86"]

1. Nf3 d5 2. d4 Nf6 3. c4 e6 4. Nc3 dxc4 5. e3 a6 6. a4 c5 7. Bxc4 Nc6 8. O-O
cxd4 9. exd4 Be7 10. Re1 O-O 11. Bg5 Nb4 12. Qe2 Bd7 13. d5 Nbxd5 14. Nxd5 exd5
15. Qxe7 dxc4 16. Bxf6 gxf6 17. Qe4 Qc7 18. Qh4 Qc6 19. Nd2 Rfe8 20. Ne4 Re6 21.
Re3 Rae8 22. Rae1 f5 23. Ng5 Rh6 24. Rxe8+ Bxe8 25. Qf4 Bd7 26. h4 Rd6 27. Nf3
h6 28. Ne5 Qd5 29. Nxd7 Rxd7 30. Qxh6 Rd8 31. Re3 f4 32. Qxf4 Rd6 33. Re5 Qd4
34. Re4 Qd1+ 35. Kh2 Rg6 36. Rxc4 Qd5 37. f3 Qe6 38. h5 Rg7 39. Re4 Qd7 40. Rd4
Qc8 41. h6 Rg6 42. Rd6 Qc5 43. Rd8+ 1-0

[Event "IMSA World Masters Rapid"]
[Site "Hengshui CHN"]
[Date "2019.05.15"]
[EventDate "2019.05.14"]
[Round "5.8"]
[Result "1/2-1/2"]
[White "Hao Wang"]
[Black "Gawain C B Jones"]
[WhiteElo "2735"]
[BlackElo "2702"]
[PlyCount "112"]

1. e4 e5 2. Nf3 Nc6 3. Nc3 Nf6 4. Bb5 Bc5 5. O-O O-O 6. d3 Nd4 7. Nxd4 Bxd4 8.
Ne2 Bb6 9. Bg5 h6 10. Bh4 c6 11. Bc4 Re8 12. Bb3 g5 13. Bg3 d5 14. exd5 cxd5 15.
d4 e4 16. Be5 Ng4 17. Nc3 Nxe5 18. dxe5 Rxe5 19. Bxd5 Qe7 20. Kh1 g4 21. Qe2 Bf5
22. Bb3 Qh4 23. Nd5 Rae8 24. Nxb6 axb6 25. Qe3 Be6 26. Rad1 Bxb3 27. axb3 Rh5
28. Qf4 Qg5 29. Qg3 Qe5 30. Qxg4+ Kh7 31. g3 Rg8 32. Qe2 Rf5 33. c4 Qe6 34. Rd4
Re8 35. Kg1 Re5 36. Qe3 Qh3 37. Rd5 Rxd5 38. cxd5 Qh5 39. Qd4 Re5 40. d6 Rd5 41.
Qxe4+ Kg7 42. g4 Qg5 43. h4 Qd2 44. Re1 Rxd6 45. Qe5+ Kg8 46. Qe8+ Kg7 47. Re2
Qd1+ 48. Kg2 Re6 49. Rxe6 Qxg4+ 50. Kf1 Qxe6 51. Qa4 Qe5 52. Qg4+ Kh7 53. Qf3
Kg7 54. Qg4+ Kh7 55. Qd7 Kg7 56. Qg4+ 1/2-1/2

[Event "IMSA World Masters Rapid"]
[Site "Hengshui CHN"]
[Date "2019.05.15"]
[EventDate "2019.05.14"]
[Round "6.8"]
[Result "1-0"]
[White "Hao Wang"]
[Black "Rauf Mamedov"]
[WhiteElo "2735"]
[BlackElo "2650"]
[PlyCount "118"]

1. d4 d5 2. c4 e6 3. Nc3 c5 4. cxd5 exd5 5. Nf3 Nc6 6. g3 Nf6 7. Bg2 Be7 8. O-O
O-O 9. dxc5 Bxc5 10. Na4 Be7 11. b3 Ne4 12. Bb2 Be6 13. Rc1 Qa5 14. a3 Rac8 15.
b4 Qa6 16. e3 b5 17. Nc3 Nxc3 18. Rxc3 Bf6 19. Rxc6 Rxc6 20. Bxf6 gxf6 21. Nd4
Rc4 22. Qh5 Qxa3 23. Qh6 Rxd4 24. exd4 Qxb4 25. Qxf6 Qd2 26. f4 Rc8 27. f5 Bd7
28. Bxd5 Be8 29. Qe5 Bd7 30. Qf6 Be8 31. Rf2 Qc1+ 32. Kg2 Rc2 33. Rxc2 Qxc2+ 34.
Kh3 Qe2 35. Qg5+ Kf8 36. f6 Bd7+ 37. g4 Be6 38. Bc6 Qf1+ 39. Bg2 Qd3+ 40. Kh4
Qxd4 41. Kh5 Bxg4+ 42. Kh6 Be6 43. Bc6 Qg4 44. Qg7+ Qxg7+ 45. fxg7+ Kg8 46. Bxb5
Bf5 47. Kg5 Be6 48. Kf6 a5 49. Ba4 h5 50. h4 Bc4 51. Bd1 Be6 52. Bc2 Bd7 53. Bb3
Be6 54. Ba4 Bg4 55. Bc2 Bd7 56. Bb3 Be8 57. Bc4 a4 58. Bd5 a3 59. Ba2 1-0

[Event "IMSA World Masters Rapid"]
[Site "Hengshui CHN"]
[Date "2019.05.15"]
[EventDate "2019.05.14"]
[Round "7.6"]
[Result "1-0"]
[White "Dmitry Andreikin"]
[Black "Hao Wang"]
[WhiteElo "2722"]
[BlackElo "2735"]
[PlyCount "124"]

1. e4 e5 2. Nf3 Nc6 3. Bb5 Nf6 4. O-O Nxe4 5. Re1 Nd6 6. Nxe5 Be7 7. Bf1 Nxe5 8.
Rxe5 O-O 9. d4 Bf6 10. Re1 Re8 11. c3 Rxe1 12. Qxe1 Ne8 13. a4 d5 14. a5 Qe7 15.
Qxe7 Bxe7 16. a6 b6 17. Bb5 Be6 18. Na3 Bxa3 19. Rxa3 Kf8 20. Bf4 Ke7 21. Bc6
Rd8 22. Ra1 f6 23. h4 Kf7 24. f3 Nd6 25. Kf2 h5 26. Re1 Nf5 27. g3 Nd6 28. b3
Nf5 29. Bb7 Nd6 30. Bc6 Nf5 31. Re2 Nd6 32. Ke1 Nf5 33. Kd2 Nd6 34. Kc2 Rg8 35.
Rh2 Ke7 36. Kd2 Rd8 37. Re2 Kf7 38. Re1 Rg8 39. Bxd6 cxd6 40. f4 f5 41. Kc2 Rc8
42. Bb5 Kf6 43. Kb2 Rc7 44. Re3 Rc8 45. Ka3 Rc7 46. Kb4 Rc8 47. Re1 Rc7 48. Re2
Rc8 49. Re3 Rc7 50. Be8 Bc8 51. Kb5 g6 52. Bc6 Be6 53. Re1 Re7 54. Re3 Rc7 55.
Bb7 Re7 56. Rxe6+ Rxe6 57. Bxd5 Re3 58. Kc6 Ke7 59. c4 Rxb3 60. Kb7 Kd7 61. c5
Rc3 62. cxb6 1-0

[Event "IMSA World Masters Rapid"]
[Site "Hengshui CHN"]
[Date "2019.05.16"]
[EventDate "2019.05.14"]
[Round "8.5"]
[Result "1-0"]
[White "Yangyi Yu"]
[Black "Hao Wang"]
[WhiteElo "2739"]
[BlackElo "2735"]
[PlyCount "96"]

1. Nf3 d5 2. d4 Nf6 3. c4 e6 4. g3 Be7 5. Bg2 O-O 6. O-O dxc4 7. Qc2 a6 8. Qxc4
b5 9. Qc2 Bb7 10. Bd2 Be4 11. Qc1 c6 12. a4 Nbd7 13. Nc3 Bg6 14. Nh4 Bh5 15. Bf3
b4 16. Na2 Bxf3 17. Nxf3 c5 18. Rd1 a5 19. dxc5 Bxc5 20. Be3 Qb6 21. Bd4 Bxd4
22. Rxd4 Nc5 23. Qd1 Rfd8 24. e3 Rxd4 25. exd4 Nce4 26. Nc1 h6 27. Nd3 Rd8 28.
Rc1 g5 29. h3 h5 30. Qc2 g4 31. hxg4 hxg4 32. Nfe5 Rxd4 33. Qc8+ Rd8 34. Qc7
Qxc7 35. Rxc7 Ng5 36. Kg2 Rd5 37. Rc5 Rd4 38. Rxa5 Nd5 39. Ra8+ Kg7 40. Ra7 Kg8
41. a5 b3 42. a6 Ra4 43. Nc5 Ra2 44. Rb7 Rxb2 45. a7 Ra2 46. Rb8+ Kg7 47. a8=Q
Ne3+ 48. Kh1 1-0